| 000 | 00917cam a22002775a 4500 | ||
|---|---|---|---|
| 001 | 17854215 | ||
| 005 | 20201128023911.0 | ||
| 008 | 130815t2014 inua frbd 001 0 eng d | ||
| 020 | _a9781118697115 | ||
| 040 |
_aDLC _beng _cDLC _dEG-ScBUE |
||
| 082 | 0 | 4 |
_222 _a352.379 _bMOW |
| 100 | 1 | _aMowbray, Thomas J. | |
| 245 | 1 | 0 |
_aCybersecurity : _bmanaging systems, conducting testing, and investigating intrusions / _cThomas J. Mowbray. |
| 250 | _a1st edition. | ||
| 260 |
_aIndianapolis : _bJohn Wiley & Sons, _cc.2014. |
||
| 300 |
_axxiv, 336 p. : _bill. ; _c24 cm. |
||
| 500 | _aGlossary : p. 307-315. | ||
| 500 | _aIndex : p. 323-336. | ||
| 504 | _aBibliography : p. 317-321. | ||
| 650 | 7 |
_2BUEsh _92634 _aComputer networks _xSecurity measures. |
|
| 650 | 7 |
_2BUEsh _92637 _aComputer security. |
|
| 650 | 0 |
_aComputer crimes _xPrevention. _2BUEsh |
|
| 651 | _2BUEsh | ||
| 653 |
_bCOMSCI _cOctober2016 |
||
| 942 | _2ddc | ||
| 999 |
_c22689 _d22661 |
||